WWE Champions by Year - 1989 - Statistics

General Stats
  • This quiz has been taken 172 times
  • The average score is 6 of 9
Answer Stats
Title Date Event Wrestler % Correct
WWE Championship April 2 WrestleMania V Hulk Hogan
99%
Intercontinental August 28 SummerSlam The Ultimate Warrior
93%
Tag Team November 4 Superstars Ax
83%
Tag Team November 4 Superstars Smash
83%
Intercontinental April 2 WrestleMania V Rick Rude
79%
Tag Team December 30 Superstars André the Giant
64%
Tag Team December 30 Superstars Haku
53%
Tag Team July 18 Saturday Night's Main Event Arn Anderson
45%
Tag Team July 18 Saturday Night's Main Event Tully Blanchard
45%
No matching quizzes found
Score Distribution
Percent of People with Each Score
Percentile by Number Answered
Your Score History
You have not taken this quiz